Zuřivý reportér a poslední reportáže /

Hlavní autor: Kisch, Egon Erwin, 1885-1948
Další autoři: Haasová-Nečasová, Jarmila, 1896-1990
Jazyk: Čeština
Vydáno: Praha : Státní nakladatelství politické literatury, 1955
Vydání: 1. autoriz. vyd.
Edice: Kisch, Egon Erwin, 1885-1948. Sebrané spisy (Státní nakladatelství politické literatury)
Externí odkaz: Digitalizovaný dokument
Fyzický popis: 269 s., 1 příl. : portrét ; 21 cm
Knihy
Uloženo v:
LEADER 01528nam a22003612a 4500
001 000206560
003 CZ BrMZK
005 20150120104117.0
007 ta
008 950101s1955 xr f f cze d
015 |a cnb000718938 
035 |a (OCoLC)85444052 
040 |a ABA001  |b cze  |c ULG001  |d ABA001  |d BOA001 
041 1 |a cze  |h ger 
100 1 |a Kisch, Egon Erwin,  |d 1885-1948  |7 jk01060211  |4 aut 
240 1 0 |a Rasende Reporter.  |l Česky  |7 aun2009543465 
245 1 0 |a Zuřivý reportér a poslední reportáže /  |c Egon Ervín Kisch ; [přeložila z německých originálů ... Jarmila Haasová-Nečasová] 
250 |a 1. autoriz. vyd. 
260 |a Praha :  |b Státní nakladatelství politické literatury,  |c 1955 
300 |a 269 s., 1 příl. :  |b portrét ;  |c 21 cm 
490 1 |a Sebrané spisy E.E. Kische ;  |v sv. 8 
500 |a 10400 výt. 
700 1 |a Haasová-Nečasová, Jarmila,  |d 1896-1990  |7 jk01032893  |4 trl 
765 0 |t Hetzjagd durch die Zeit  |9 Česky 
765 0 |t Zaren-Popen-Bolschewiken  |9 Česky 
765 0 |t Abenteuer in fünf Kontinenten  |9 Česky 
765 0 |t Karl Marx in Karlsbad  |9 Česky 
800 1 |a Kisch, Egon Erwin,  |d 1885-1948.  |t Sebrané spisy (Státní nakladatelství politické literatury)  |0 s 
856 4 1 |u http://www.digitalniknihovna.cz/mzk/uuid/uuid:52e2f620-e57f-11e3-b72e-005056827e52  |y Digitalizovaný dokument  |x NDK 
910 |a BOA001  |b 2-0343.663 
990 |a BK 
991 |b 201501 
996 6 |b 2619911339  |c 2-0343.663  |l MZK  |r Sklad / do 24 hodin  |n 26  |w 000206560  |u 000010  |a 1  |e BOA001  |j MZK50  |s P